000 00455nam a2200169 i 4500
001 134798
003 ES-MaACL
005 20230906194739.0
007 t|
008 070628s1968 sp ||||1| spa d
100 1 _aTichermann, Karl.
_9110214
245 1 3 _aEl libro de la vida sexual /
_cpor Karl Tichermann.
250 _a[1ยช ed.].
260 _aBarcelona :
_bGasso,
_c[1968]
300 _a321 p. ;
_c19 cm.
852 _aES-MaACL
_jC-34466
_bR.65622
999 _c134798
_d134798